All of the Books Mentioned in Harry Potter By Author - Statistics

General Stats
  • This quiz has been taken 11 times
    6 since last reset
  • The average score is 7 of 79
Answer Stats
Author Book Title % Correct
Bathilda Bagshot A History of Magic
100%
Newt Scamander Fantastic Beasts and Where to Find Them
100%
Rita Skeeter The Life and Lies of Albus Dumbledore
100%
Beedle the Bard The Tales of Beedle the Bard
100%
Emeric Switch A Beginner’s Guide to Transfiguration
50%
Gilderoy Lockhart Magical Me
50%
Kennilworthy Whisp Quidditch Through the Ages
50%
Owle Bullock Secrets of the Darkest Art
50%
Gilderoy Lockhart Travels with Trolls
50%
Libatius Borage Advanced Potion-Making
0%
? A Guide to Medieval Sorcery
0%
Rita Skeeter Armando Dippet: Master or Moron?
0%
? A Study of Muggles
0%
? Basic Hexes for the Busy and Vexed
0%
Gilderoy Lockhart Break with a Banshee
0%
? Broken Balls: When Fortunes Turn Foul
0%
? Confronting the Faceless
0%
Vindictus Viridian Curses and Counter‑Curses
0%
? Death Omens: What to Do When You Know the Worst Is Coming
0%
Wilbert Slinkhard Defensive Magical Theory
0%
? Enchantment in Baking
0%
? Flesh‑Eating Trees of the World
0%
? Flying With the Cannons
0%
? From Egg to Inferno: A Dragon Keeper’s Guide
0%
Gilderoy Lockhart Gadding with Ghouls
0%
Gilderoy Lockhart Gilderoy Lockhart's Guide to Household Pests
0%
? Great Wizarding Events of the Twentieth Century
0%
? Guide to Advanced Transfiguration
0%
Bathilda Bagshot Hogwarts: A History
0%
Gilderoy Lockhart Holidays with Hags
0%
Wilhelm Wigworthy Home Life and Social Habits of British Muggles
0%
? Important Modern Magical Discoveries
0%
? Intermediate Transfiguration
0%
? Jinxes for the Jinxed
0%
Arsenius Jigger Magical Drafts and Potions
0%
? Magical Hieroglyphs and Logograms
0%
Adalbert Waffling Magical Theory
0%
Godelot Magick Moste Evile
0%
Gilderoy Lockhart Marauding with Monsters
0%
? Men Who Love Dragons Too Much
0%
Phineas Bourne Moste Potente Potions
0%
? Nature's Nobility: A Wizarding Genealogy
0%
? Notable Magical Names of Our Time
0%
? Numerology and Grammatica
0%
E. Limus Olde and Forgotten Bewitchments and Charmes
0%
Phyllida Spore One Thousand Magical Herbs and Fungi
0%
? Predicting the Unpredictable: Insulate Yourself Against Shocks
0%
? Quidditch Teams of Britain and Ireland
0%
? Sites of Historical Sorcery
0%
? Spellman’s Syllabary
0%
? The Adventures of Martin Miggs, the Mad Muggle
0%
Brutus Scrimgeour The Beaters' Bible
0%
? The Book of Spells
0%
? The Dark Arts: Outsmarting Them
0%
Quentin Trimble The Dark Forces: A Guide to Self‑Protection
0%
? The Encyclopedia of Toadstools
0%
? The Essential Defence Against the Dark Arts
0%
Ministry of Magic The Guidelines for the Treatment of Non‑Wizard Part‑Humans
0%
? The Handbook of Do‑It‑Yourself Broomcare
0%
Hippocrates Smethwyck The Healer’s Helpmate
0%
? The Invisible Book of Invisibility
0%
? The Monster Book of Monsters
0%
Quintius Umfraville The Noble Sport of Warlocks
0%
? Theories of Transubstantial Transfiguration
0%
Professor Mordicus Egg The Philosophy of the Mundane: Why Muggles Prefer Not to Know
0%
? The Rise and Fall of the Dark Arts
0%
Miranda Goshawk The Standard Book of Spells Grade 1
0%
Miranda Goshawk The Standard Book of Spells Grade 2
0%
Miranda Goshawk The Standard Book of Spells Grade 3
0%
Miranda Goshawk The Standard Book of Spells Grade 4
0%
Miranda Goshawk The Standard Book of Spells Grade 5
0%
Miranda Goshawk The Standard Book of Spells Grade 6
0%
Miranda Goshawk The Standard Book of Spells Grade 7
0%
Beatrix Bloxam The Toadstool Tales
0%
? Twelve Fail-Safe Ways to Charm Witches
0%
Cassandra Vablatsky Unfogging the Future
0%
Gilderoy Lockhart Voyages with Vampires
0%
Gilderoy Lockhart Wandering with Werewolves
0%
Gilderoy Lockhart Year with the Yeti
0%
No matching quizzes found
Score Distribution
Percent of People with Each Score
Percentile by Number Answered
Your Score History
You have not taken this quiz since the last reset